000 00807nam a2200205 4500
008 051215s1985 ph b 001 0 eng
020 _a9710828622
090 _aBF108.P5
_bSi2a
245 0 0 _aSikolohiyang Pilipino :
_bisyu, pananaw, at kaalaman /
_cinedit nina Allen Aganon, S.Ma. Assumpta David.
260 _aMetro Manila, Philippines :
_bNational Book Store,
_c1985.
300 _axv, 567 p. ;
_c22 cm.
500 _aAt head of title: New directions in indigenous psychology.
500 _aEnglish and Tagalog.
504 _aIncludes bibliographies and index.
650 4 _aPsychology
_zPhilippines.
700 1 _aAganon, Allen.
700 1 _aDavid, Maria Assumpta.
740 0 2 _aNew directions in indigenous psychology.
951 _p29005
_x00032055
_oBF108.P5/Si2a
_j070613111534343
_d2000-12-21
_cFIL
999 _c25496
_d25496